Pokemon: Johto Pokedex - Statistics

General Stats
  • This quiz has been taken 11 times
  • The average score is 137 of 256
Answer Stats
Hint Answer % Correct
#055 Ampharos
89%
#133 Azumarill
89%
#002 Bayleef
89%
#256 Celebi
89%
#001 Chikorita
89%
#008 Croconaw
89%
#004 Cyndaquil
89%
#009 Feraligatr
89%
#054 Flaffy
89%
#020 Furret
89%
#053 Mareep
89%
#132 Marill
89%
#003 Meganium
89%
#005 Quilava
89%
#019 Sentret
89%
#007 Totodile
89%
#006 Typhlosion
89%
#130 Arcanine
78%
#033 Ariados
78%
#042 Clefable
78%
#041 Clefairy
78%
#040 Cleffa
78%
#253 Ho-Oh
78%
#215 Houndoom
78%
#214 Houndour
78%
#031 Ledian
78%
#252 Lugia
78%
#202 Mantine
78%
#138 Meowth
78%
#151 Miltank
78%
#139 Persian
78%
#021 Pichu
78%
#012 Pidgeot
78%
#011 Pidgeotto
78%
#010 Pidgey
78%
#022 Pikachu
78%
#023 Raichu
78%
#174 Remoraid
78%
#112 Scizor
78%
#082 Slowking
78%
#032 Spinarak
78%
#063 Steelix
78%
#107 Sudowoodo
78%
#086 Bellossom
67%
#064 Bellsprout
67%
#239 Blastoise
67%
#231 Bulbasaur
67%
#236 Charizard
67%
#234 Charmander
67%
#235 Charmeleon
67%
#172 Cloyster
67%
#179 Dewgong
67%
#134 Diglett
67%
#135 Dugtrio
67%
#244 Entei
67%
#188 Espeon
67%
#014 Fearow
67%
#084 Gloom
67%
#078 Goldeen
67%
#129 Growlithe
67%
#077 Gyarados
67%
#190 Horsea
67%
#232 Ivysaur
67%
#192 Kingdra
67%
#076 Magikarp
67%
#175 Octillery
67%
#083 Oddish
67%
#062 Onix
67%
#196 Piloswine
67%
#075 Politoed
67%
#243 Raikou
67%
#191 Seadra
67%
#079 Seaking
67%
#178 Seel
67%
#171 Shellder
67%
#080 Slowpoke
67%
#237 Squirtle
67%
#245 Suicune
67%
#195 Swinub
67%
#189 Umbreon
67%
#233 Venusaur
67%
#066 Victreebell
67%
#085 Vileplume
67%
#127 Vulpix
67%
#238 Wartortle
67%
#241 Zapdos
67%
#240 Articuno
56%
#026 Butterfree
56%
#024 Caterpie
56%
#176 Chinchou
56%
#039 Crobat
56%
#247 Dragonair
56%
#248 Dragonite
56%
#246 Dratini
56%
#156 Elekid
56%
#060 Gengar
56%
#034 Geodude
56%
#149 Girafarig
56%
#038 Golbat
56%
#036 Golem
56%
#035 Graveler
56%
#059 Haunter
56%
#147 Hitmonchan
56%
#146 Hitmonlee
56%
#148 Hitmontop
56%
#015 Hoothoot
56%
#043 Igglybuff
56%
#044 Jigglypuff
56%
#155 Jinx
56%
#115 Koffing
56%
#177 Lanturn
56%
#224 Lapras
56%
#249 Larvitar
56%
#152 Magby
56%
#153 Magmar
56%
#025 Metapod
56%
#255 Mew
56%
#254 Mewtwo
56%
#219 Misdreavus
56%
#100 Nidoking
56%
#097 Nidoqueen
56%
#095 Nidoran (F)
56%
#098 Nidoran (M)
56%
#096 Nidorina
56%
#099 Nidorino
56%
#016 Noctowl
56%
#250 Pupitar
56%
#212 Rhydon
56%
#211 Rhyhorn
56%
#048 Sandshrew
56%
#049 Sandslash
56%
#154 Smoochum
56%
#218 Sneasel
56%
#013 Spearow
56%
#170 Starmie
56%
#169 Staryu
56%
#150 Tauros
56%
#198 Teddiursa
56%
#047 Togetic
56%
#251 Tyranitar
56%
#145 Tyrogue
56%
#061 Unown
56%
#199 Ursaring
56%
#110 Venomoth
56%
#109 Venonat
56%
#065 Weepinbell
56%
#116 Weezing
56%
#045 Wigglytuff
56%
#108 Wobbuffet
56%
#037 Zubat
56%
#089 Abra
44%
#229 Aerodactyl
44%
#091 Alakazam
44%
#051 Arbok
44%
#029 Beedrill
44%
#194 Delibird
44%
#205 Dodrio
44%
#204 Doduo
44%
#184 Eevee
44%
#050 Ekans
44%
#157 Electabuzz
44%
#160 Farfetch'd
44%
#187 Flareon
44%
#141 Golduck
44%
#117 Grimer
44%
#114 Heracross
44%
#067 Hoppip
44%
#186 Jolteon
44%
#069 Jumpluff
44%
#227 Kabuto
44%
#228 Kabutops
44%
#090 Kadabra
44%
#028 Kakuna
44%
#217 Magcargo
44%
#119 Magnemite
44%
#120 Magneton
44%
#242 Moltres
44%
#118 Muk
44%
#161 Natu
44%
#128 Ninetails
44%
#225 Omanyte
44%
#226 Omastar
44%
#113 Pinsir
44%
#072 Poliwag
44%
#073 Poliwhirl
44%
#074 Poliwrath
44%
#206 Ponyta
44%
#220 Porygon
44%
#221 Porygon2
44%
#140 Psyduck
44%
#057 Quagsire
44%
#207 Rapidash
44%
#018 Raticate
44%
#017 Rattata
44%
#203 Skarmory
44%
#081 Slobro
44%
#159 Smeargle
44%
#230 Snorlax
44%
#104 Sunflora
44%
#103 Sunkern
44%
#046 Togepi
44%
#185 Vaporeon
44%
#027 Weedle
44%
#162 Xatu
44%
#101 Yanma
44%
#223 Blissey
33%
#222 Chansey
33%
#173 Corsola
33%
#092 Ditto
33%
#087 Drowzee
33%
#052 Dunsparce
33%
#094 Forretress
33%
#193 Glygar
33%
#126 Granbull
33%
#088 Hypno
33%
#210 Kangaskhan
33%
#167 Kingler
33%
#166 Krabby
33%
#144 Machamp
33%
#143 Machoke
33%
#142 Machop
33%
#136 Mankey
33%
#213 Murkrow
33%
#070 Paras
33%
#071 Parasect
33%
#093 Pineco
33%
#137 Primeape
33%
#168 Shuckle
33%
#216 Slugma
33%
#131 Stantler
33%
#164 Tentacool
33%
#165 Tentacruel
33%
#056 Wooper
33%
#123 Aipom
22%
#208 Cubone
22%
#122 Electrode
22%
#105 Exeggcute
22%
#106 Exeggutor
22%
#058 Ghastly
22%
#180 Lickitung
22%
#209 Marowak
22%
#158 Mr. Mime
22%
#163 Quilfish
22%
#068 Skiploom
22%
#125 Snubble
22%
#182 Tangela
22%
#121 Voltorb
22%
#124 Ambipom
11%
#201 Danphan
11%
#200 Danphy
11%
#030 Ladyba
11%
#181 Lickilicky
11%
#197 Mamoswine
11%
#183 Tangrowth
11%
#102 Yanmega
11%
#111 Scythor
0%
No matching quizzes found
Score Distribution
Percent of People with Each Score
Percentile by Number Answered
Your Score History
You have not taken this quiz